Atteliér univerzitný dvojtýždenník
| Corporate Authors: | , |
|---|---|
| Format: | Journal |
| Language: | Slovak |
| PhysicalDescription: | zv. 30 cm Online vydanie: Atteliér (Trnava) = ISSN 1339-1410 |
| Published: |
Trnava
Univerzita sv. Cyrila a Metoda
2003-
|
| ISSN: | 1336-9342 1339-1410 |
| Subjects: | |
| Online Access: | http://www.attelier.sk/ |
MARC
| LEADER | 00000cas a2200000 a 4500 | ||
|---|---|---|---|
| 001 | vtls009465759 | ||
| 003 | SK-MaSNL | ||
| 005 | 20260228164212.0 | ||
| 008 | 090127d20032008xo mr|p 0 b0slo | ||
| 022 | |a 1336-9342 | ||
| 040 | |a SNK |b slo |c SNK |e AACR2 | ||
| 041 | 0 | |a slo | |
| 044 | |a xo |c SK | ||
| 072 | 7 | |a 378 |x Vysoké školy |2 konspekt | |
| 080 | |a 378.4 |2 2011 | ||
| 080 | |a 050 |2 2011 | ||
| 080 | |a 070.48 |2 2011 | ||
| 080 | |a (036) |2 2011 | ||
| 080 | |a 37.011.3-052 |2 2011 | ||
| 080 | |a 316.3 |2 2011 | ||
| 210 | 0 | |a Atteliér |b (Trnava) | |
| 222 | 0 | |a Atteliér |b (Trnava) | |
| 245 | 0 | 0 | |a Atteliér |b univerzitný dvojtýždenník |
| 260 | |a Trnava |b Univerzita sv. Cyrila a Metoda |c 2003- | ||
| 300 | |a zv. |c 30 cm | ||
| 310 | |a 10x ročne | ||
| 362 | |a Roč. 1, č. 1 (15. 11. 2003)- | ||
| 500 | |a Popis podľa: roč. 3, č. 1 (2005/2006) | ||
| 500 | |a Šéfredaktori sa menia | ||
| 500 | |a Registrované: MK SR RP 118/2005 | ||
| 500 | |a Agentúra ISSN uvádava začiatok vydávania r. 2005 | ||
| 500 | |a Podnázov 2003-10/2004/05 dvojtýždenník Fakulty masmediálnej komunikácie; Č. 1/2005/06-10/2007/08 univerzitný dvojtýždenník, | ||
| 500 | |a Nový podnázov: časopis študentov sv. Cyrila a Metoda v Trnave | ||
| 515 | |a Niektoré čísla vychádzajú ako dvojčíslo | ||
| 525 | |a V č. 1-5/2006/2007 je rovnaká príl.: Atteliér | ||
| 530 | |a Online vydanie: Atteliér (Trnava) = ISSN 1339-1410 | ||
| 550 | |a Vydáva Fakulta masmediálnej komunikácie v spolupráci s Filozofickou fakultou a Fakultou prírodných vied UCM | ||
| 610 | 2 | |a Univerzita sv. Cyrila a Metoda v Trnave. |b Fakulta masmediálnej komunikácie |2 SNKKA |9 53921 | |
| 650 | 0 | 7 | |a univerzity |2 SNKPH |9 22152 |
| 650 | 0 | 7 | |a študenti |2 SNKPH |9 3979 |
| 650 | 0 | 7 | |a spoločnosť |2 SNKPH |9 1013 |
| 655 | 7 | |a informačné publikácie |2 SNKPH |9 70181 | |
| 655 | 7 | |a študentské časopisy |2 SNKPH |9 265964 | |
| 710 | 2 | |a Univerzita sv. Cyrila a Metoda v Trnave. |b Filozofická fakulta |4 pbd |9 124567 | |
| 710 | 2 | |a Univerzita sv. Cyrila a Metoda v Trnave. |b Fakulta prírodných vied |4 pbd |9 124566 | |
| 776 | 0 | |t Atteliér (Online) |x 1339-1410 | |
| 856 | 4 | 1 | |u http://www.attelier.sk/ |
| 910 | |a snk | ||
| 999 | |c 12682 |d 14612 | ||
| 952 | |0 0 |1 0 |4 0 |7 0 |8 0 |a SNK |b SNK |d 2024-10-01 |i snk2024/15121 |l 0 |o snkČSB 7073/17/2019-2020 |p 17A1524652 |r 2026-02-21 20:10:21 |t č. 1-3 |w 2026-02-21 |y PREZ |z Č. 1 má uvedený roč. 16 | ||
| 952 | |0 0 |1 0 |4 0 |7 0 |8 0 |a SNK |b SNK |d 2024-10-01 |i snk2024/15133 |l 0 |o snkČSB 7073/17/2019-2020 D1 |p 17A1524653 |r 2026-02-21 20:10:21 |t č. 1-3 |w 2026-02-21 |y PREZ |z Č. 1 má uvedený roč. 16 | ||
| 952 | |0 0 |1 0 |4 0 |7 0 |8 0 |a SNK |b SNK |d 2024-10-01 |i snk2024/15136 |l 0 |o snkČSB 7073/18/2020-2021 |p 17A1524654 |r 2026-02-21 20:10:21 |t č. 1-6 |w 2026-02-21 |y PREZ | ||
| 952 | |0 0 |1 0 |4 0 |7 0 |8 0 |a SNK |b SNK |d 2024-10-01 |i snk2024/15138 |l 0 |o snkČSB 7073/19/2021-2022 |p 17A1524655 |r 2026-02-21 20:10:21 |t č. 1-6 |w 2026-02-21 |y PREZ | ||
| 952 | |0 0 |1 0 |4 0 |7 0 |8 0 |a SNK |b SNK |d 2024-10-01 |i snk2024/15139 |l 0 |o snkČSB 7073/20/2022-2023 |p 17A1524656 |r 2026-02-21 20:10:21 |t č. 1-6 |w 2026-02-21 |y PREZ | ||
| 952 | |0 0 |1 0 |4 0 |7 0 |8 0 |a SNK |b SNK |d 2019-04-30 |i snk2019/12225 |l 0 |o snkČSB 7073/4/2006-2007 D1 |p 17A1366548 |r 2026-02-21 20:30:05 |t č. 1-10 + príl. |w 2026-02-21 |y PREZ |z V č. 1-5/2006/2007 je rovnaká príl.: Atteliér | ||
| 952 | |0 0 |1 0 |4 0 |7 0 |8 0 |a SNK |b SNK |d 2019-04-30 |i snk2019/12213 |l 0 |o snkČSB 7073/3/2005-2006 |p 17A1366545 |r 2026-02-21 21:59:39 |t č. 1-10 |w 2026-02-21 |y PREZ | ||
| 952 | |0 0 |1 0 |4 0 |7 0 |8 0 |a SNK |b SNK |d 2019-04-30 |i snk2019/12219 |l 0 |o snkČSB 7073/3/2005-2006 D1 |p 17A1366546 |r 2026-02-21 21:59:39 |t č. 1-10 |w 2026-02-21 |y PREZ | ||
| 952 | |0 0 |1 0 |4 0 |7 0 |8 0 |a SNK |b SNK |d 2019-04-30 |i snk2019/12220 |l 0 |o snkČSB 7073/4/2006-2007 |p 17A1366547 |r 2026-02-21 21:59:39 |t č. 1-10 + príl |w 2026-02-21 |y PREZ |z V č. 1-5/2006/2007 je rovnaká príl.: Atteliér | ||
| 952 | |0 0 |1 0 |4 0 |7 0 |8 0 |a SNK |b SNK |d 2019-04-30 |i snk2019/12231 |l 0 |o snkČSB 7073/5/2007-2008 |p 17A1366549 |r 2026-02-21 21:59:39 |t č. 1-10 |w 2026-02-21 |y PREZ | ||
| 952 | |0 0 |1 0 |4 0 |7 0 |8 0 |a SNK |b SNK |d 2019-04-30 |i snk2019/12233 |l 0 |o snkČSB 7073/5/2007-2008 D1 |p 17A1366550 |r 2026-02-21 21:59:39 |t č. 1-10 |w 2026-02-21 |y PREZ | ||


